01147nam a2200217 a 4500008004100000020001500041050002000056100002700076245007800103260004000181300003500221350000900256650002000265650002100285650002400306995015200330995015200482999001700634952013900651952013900790060316s1988 ||||||||||||||||| || u a0471082899 aTK 7868.I58 Kru aKrutz, Ronald L, 1938-10aInterfacing techniques in digital design with emphasis on microprocessors aNew YorkbJohn Wiley and Sonsc1988 axvi, 382 pages : illustrations a0.00 aMICROPROCESSORS aIBERFACE CIRCUTS 0aDIGITAL ELECTRONICS aMAIN LIBRARY OPEN ACCESSD0.00e721605FCBU-MAIN LIBRARY (Kitwe)H1I28.50jTK 7868.I58 KruUAVAILABLEy016628ZMain Library Open Access Collection aMAIN LIBRARY OPEN ACCESSD0.00e016627FCBU-MAIN LIBRARY (Kitwe)H2I28.50jTK 7868.I58 KruUAVAILABLEy016627ZMain Library Open Access Collection c77484d77484 00102lcc4070a001b001cMain Library Open Access Collectiond2023-04-27l0oTK 7868.I58 Krup016628r2023-04-27t1w2023-04-27y002 00102lcc4070a001b001cMain Library Open Access Collectiond2023-04-27l0oTK 7868.I58 Krup016627r2023-04-27t2w2023-04-27y002